000 00691nam a2200265Ia 4500
005 20260121170434.0
008 008 260114s9999 xx 000 0 eng d
020 _a9783319646565
037 _aEBOOK
040 _aCRL
040 _beng
040 _cCRL
041 _2eng
041 _aeng
084 _qCRL
100 _aHabib M. Fardoun, Kevin J. Downing, Mandy Mok
_91063887
245 4 _aThe Future of Higher Education in the Middle East and Africa
260 _bSpringer
260 _bSpringer
260 _c2018
856 _uhttps://link.springer.com/openurl?genre=book&isbn=978-3-319-64656-5
942 _cEBOOK
999 _c1629616
_d1629616